Tintin : les grades militaires - Statistiques

Statistiques générales
  • Ce quiz a été pris 50 fois
    32 depuis la dernière actualisation
  • Le résultat moyen est 8 sur 17
Statistiques - réponses
Hint Réponse % Correct
Chester Capitaine
71%
Haddock Capitaine
71%
Tapioca Général
71%
Jorgen Colonel
62%
Alcazar Général
62%
Sponsz Colonel
57%
Jimenez Colonel
48%
Allan Thompson Lieutenant
48%
Alvarez Colonel
43%
Delcourt Lieutenant
43%
Juanitos Colonel
38%
Plekszy-Gladz Maréchal
38%
Fernandez Colonel
29%
Ronchont Colonel
29%
Mogador Général
29%
Haranochi Général
19%
Olivaro Général
14%
Aucun quiz correspondant
Distribution des résultats
% des personnes avec chaque résultat
Percentile par nombre de réponses
Votre historique - résultats
Vous n’avez pas pris ce quiz depuis la dernière actualisation